Normal view
MARC view
- Robert T. Kiyosaki
Entry Personal Name
001 - CONTROL NUMBER
- control field: 7630
003 - CONTROL NUMBER IDENTIFIER
- control field: OSt
005 - DATE AND TIME OF LATEST TRANSACTION
- control field: 20221128121704.0
008 - FIXED-LENGTH DATA ELEMENTS
- fixed length control field: 221128|| aca||aabn | a|a d
040 ## - CATALOGING SOURCE
- Original cataloging agency: OSt
- Transcribing agency: OSt
100 ## - HEADING--PERSONAL NAME
- Personal name: Robert T. Kiyosaki
670 ## - SOURCE DATA FOUND
- Source citation: Work cat.: (OSt)12151: Robert T. Kiyosaki, Rich Dad Poor Dad, 2022